| 000 | 00663nam a2200241Ia 4500 | ||
|---|---|---|---|
| 005 | 20250425160659.0 | ||
| 008 | 250425s9999 xx 000 0 und d | ||
| 020 | _a9586004465 | ||
| 041 | _aspa | ||
| 043 | _ack | ||
| 082 | _a001.42 | ||
| 100 | _aMENDEZ ALVAREZ, CARLOS EDUARDO | ||
| 245 | 0 | _aMETODOLOGIA: GUIA PARA ELABORAR DISEÑOS DE INVESTIGACION EN CIENCIAS ECONOMICAS, CONTABLES, ADMINISTRATIVAS | |
| 250 | _a2A ED. | ||
| 260 | _aBOGOTA | ||
| 260 |
_aColombia _bMCGRAW-HILL _c1988 |
||
| 300 | _a170 | ||
| 650 | _aMETODOLOGIA DE LA INVESTIGACION | ||
| 650 | _aMETODOS DE DISEÑO | ||
| 710 | _aMCGRAW-HILL | ||
| 942 | _c01 | ||
| 010 | _a2157 | ||
| 999 |
_c193988 _d193988 |
||